00731nai a2200181Ia 4500003000900000008004100009022002200050022002300072040001600095245007000111260008600181310001200267362002600279521006900305650005800374650002900432856008800461IN-BaIIA211028c9999 xx s 000 0 eng d a1045-9219 (Print) a1558-2183 (Online) cIIA Library 0aIEEE Transactions on Parallel and Distributed Systemsh[eJournal] aNew York, USAbThe Institute of Electrical and Electronics Engineers, Inc. (IEEE) aMonthly a1(1); 1990 - Present  bSubscribed through National Knowledge Resource Consortium (NKRC) a Communication, Networking and Broadcast Technologies aComputing and Processing uhttps://ieeexplore.ieee.org/servlet/opac?punumber=71yClick Here to Access eJournal